000 00549nam a2200229Ia 4500
008 180523s9999 xx 000 0 und d
020 _a0-07-121447-X
050 _aMAIN HB 171.5
050 _b.C65 2004
100 _aColander, David C.
245 0 _aEconomics /
245 0 _cDavid C. Colander.
250 _a5th Edition
260 _aNew York :
260 _bMcGraw-Hill,
260 _c2004
300 _a810 pages :
300 _bcolored illustrations ;
300 _c25 cm.
500 _aIncludes index.
650 _aEconomics.
999 _c356756
_d356756